书目信息 |
| 题名: |
植物地理学
|
|
| 作者: | 武吉华 , 张绅 编 | |
| 分册: | ||
| 出版信息: | 北京 高等教育出版社 2003 |
|
| 页数: | 200页 | |
| 开本: | 26cm | |
| 丛书名: | ||
| 单 册: | ||
| 中图分类: | Q948.2 | |
| 科图分类: | ||
| 主题词: | 植物地理学--高等学校--教材 | |
| 电子资源: | ||
| ISBN: | 7-04-005136-2 | |
| 000 | 00647nam0 2200241 45 | |
| 001 | 0183009036 | |
| 005 | 20070622081517.53 | |
| 010 | @a7-04-005136-2@dCNY13.90 | |
| 100 | @a19960215d2003 em y0chiy0121 ea | |
| 101 | 0 | @achi |
| 102 | @aCN@b110000 | |
| 105 | @ay z 000yy | |
| 200 | 10 | @a植物地理学@Azhi wu di li xue@f武吉华,张绅编 |
| 205 | @a3版 | |
| 210 | @a北京@c高等教育出版社@d2003 | |
| 215 | @a200页@d26cm | |
| 300 | @a高等学校教材 | |
| 606 | @a植物地理学@x高等学校@x教材 | |
| 690 | @aQ948.2@v3 | |
| 701 | 0 | @a武吉华@Awu ji hua@4编 |
| 701 | 0 | @a张绅@Azhang shen@4编 |
| 801 | 0 | @aCN@bNLC@c20070622 |
| 905 | @dQ948.2@e35=3@f1@b225932 | |
| 植物地理学/武吉华,张绅编.-3版.-北京:高等教育出版社,2003 |
| 200页;26cm |
| 高等学校教材 |
| ISBN 7-04-005136-2:CNY13.90 |
| ● |
| 相关链接 |
|
|
|
|
正题名:植物地理学
索取号:Q948.2/35=3
 
预约/预借
| 序号 | 登录号 | 条形码 | 馆藏地/架位号 | 状态 | 备注 |
| 1 | 0501566 | 205015669 | 密集书库/ [索取号:Q948.2/35=3] | 在馆 | |
| 2 | 0661649 | 206616492 | 库房3/ [索取号:Q948.2/35=3] | 在馆 | |
| 3 | 0661650 | 206616508 | 库房3/ [索取号:Q948.2/35=3] | 在馆 | |
| 4 | 0661651 | 206616517 | 库房3/ [索取号:Q948.2/35=3] | 在馆 | |
| 5 | 0661652 | 206616526 | 库房3/ [索取号:Q948.2/35=3] | 在馆 | |
| 6 | 0663041 | 206630412 | 库房3/ [索取号:Q948.2/35=3] | 在馆 | |
| 7 | 0663042 | 206630421 | 库房3/ [索取号:Q948.2/35=3] | 在馆 | |
| 8 | 0663043 | 206630430 | 库房3/ [索取号:Q948.2/35=3] | 在馆 | |
| 9 | 0663044 | 206630449 | 库房3/ [索取号:Q948.2/35=3] | 在馆 | |
| 10 | 0663045 | 206630458 | 库房3/ [索取号:Q948.2/35=3] | 在馆 | |
| 11 | 0663046 | 206630467 | 库房3/ [索取号:Q948.2/35=3] | 在馆 |